000 00773nam a2200229 a 4500
001 000020788
005 20260209094147.0
008 100817s2015 dr 000 0 eng d
020 _a9789945494143
040 _aDO-SdBNP
_bspa
_cBNPHU
082 _a004.678
_bT266g
100 1 _aTejedor Calvo, Santiago
_943562
245 1 0 _aGuía para viajeros/as digitales /
_cSantiago Tejedor Calvo.
260 _aSanto Domingo :
_bVicepresidencia de la República Dominicana,
_c2015.
300 _a97p. :
_bil ;
_c28 cm.
500 _aA la cabeza del título: Manual de internet sano
590 _aInventariado,2018/DG
650 0 _aInternet
_9105
650 4 _aRedes de computadores
_943563
650 4 _aRedes de información
_943564
910 _aValidado. Control de calidad MFF
999 _c20292
_d20292